00794nam a2200193 i 450000100060000000300090000600500170001500700030003200800410003510000370007624501750011326000730028830000300036149000680039170000280045970000150048783000660050285200320056874204ES-MaACL20250811084836.0t|040916s1981 sp ||||1| spa d1 aGonzález Echegaray, Joaquín.13aEl Paleolítico Superior de la Cueva del Rascaño (Santander) / cpor J. González Echegaray e I. Barandiarán Maestu, con la colaboración de J. Altuna... [et al.]. aSantander : bCentro de Investigación y Museo de Altamira, c1981. a359 p. : bil. ; c31 cm.1 aMonografías del Centro de Investigación y Museo de Altamira1 aBarandiarán, Ignacio.1 aAltuna, J.00aMonografías (Centro de Investigación y Museo de Altamira) aES-MaACLjL-1554 bR.101678